[Event "8th RTU Open 2018"]
[Site "Riga"]
[Date "2018.08.07"]
[Round "2"]
[White "Bluebaum, Matthias"]
[Black "Stark, Lars"]
[Result "1/2-1/2"]
[WhiteElo "2637"]
[BlackElo "2368"]
[Annotator "TA"]
[PlyCount "53"]
[EventDate "2018.08.06"]
[EventType "swiss"]
[EventCountry "LAT"]
[SourceTitle "playchess.com"]
[Source "ChessBase"]
[SourceQuality "1"]

{[%evp 14,53,14,5,45,19,56,74,70,22,60,16,9,0,13,16,27,5,6,0,0,0,0,0,0,0,0,-15,0,-8,-7,-34,0,-11,0,0,0,0,0,0,0,0]} 1. d4 Nf6 2. c4 g6 3. Nc3 d5 4. Bg5 Ne4 5. Nxe4 dxe4 6. e3 Bg7 7. Ne2 c5 8. Qd2 {LiveBook: 5 Games} Bg4 {D80: Grünfeld: Unusual White 4th moves and 4 Bg5} (8... O-O 9. d5 h6 10. Bh4 g5 11. Bg3 e5 12. h4 g4 13. Nc3 f5 14. h5 a6 15. d6 Nc6 16. Qd5+ {0-1 (40) Bluebaum,M (2640)-Xiong,J (2634) Wijk aan Zee 2018}) 9. d5 $1 Bxe2 10. Bxe2 Qd6 $146 {White is better.} ({Predecessor:} 10... Qb6 11. O-O Nd7 12. Rab1 a5 13. a3 f6 14. Bh4 Qb3 15. Rfc1 a4 16. Bd1 {0-1 (51) Hoang,T (2303)-Vo,T (2197) Hanoi 2014}) 11. O-O h6 12. Bh4 Be5 13. Bg3 Nd7 14. Bxe5 Qxe5 15. b4 O-O 16. a3 Rac8 17. Rab1 Rfd8 18. Rfd1 b6 19. Qc2 Rc7 20. Qa4 Qd6 21. h3 h5 22. Rd2 Nf6 23. h4 {The position is equal.} Qd7 24. Qb3 Qf5 25. Qa4 Qd7 26. Qb3 Qf5 27. Qa4 {Precision: White = 45%, Black = 60%.} 1/2-1/2

[Event "8th RTU Open 2018"]
[Site "Riga"]
[Date "2018.08.07"]
[Round "2"]
[White "Hovhannisyan, Robert"]
[Black "Jablonicky, Martin"]
[Result "1/2-1/2"]
[WhiteElo "2608"]
[BlackElo "2361"]
[Annotator "TA"]
[PlyCount "143"]
[EventDate "2018.08.06"]
[EventType "swiss"]
[EventCountry "LAT"]
[SourceTitle "playchess.com"]
[Source "ChessBase"]
[SourceQuality "1"]

{[%evp 23,142,12,13,8,15,5,6,6,6,8,9,8,7,7,7,7,7,0,0,8,8,8,7,0,4,3,7,0,0,0,0,-12,-12,-12,-12,-12,-12,-12,-12,-12,-12,-12,-8,-8,0,0,0,-8,0,0,0,0,0,0,33,33,33,33,33,33,33,33,33,33,33,33,33,33,33,33,33,33,33,33,33,33,33,33,33,33,33,33,33,33,33,33,33,33,33,33,33,0,33,33,33,33,33,33,33,33,33,33,33,33,33,8,8,8,8,8,8,8,8,8,8,8,8,8,8,8,8]} 1. e4 e5 2. Nf3 Nf6 3. d4 Nxe4 4. Bd3 d5 5. Nxe5 Nd7 6. Nxd7 Bxd7 7. O-O Bd6 8. Qh5 Qf6 {C43: Petroff Defence: 3 d4} 9. Nc3 Qxd4 10. Be3 Qe5 11. Qxe5+ Bxe5 12. Nxd5 Nf6 {LiveBook: 19 Games} 13. Rae1 Nxd5 14. Bd2 f6 15. f4 {[#]} Nxf4 $1 16. Bxf4 {[#]} O-O $146 17. Bxe5 fxe5 18. Bc4+ Kh8 19. Rxe5 Rxf1+ 20. Kxf1 Re8 21. Rxe8+ Bxe8 $11 {[%mdl 4096] Endgame KB-KB} 22. Kf2 g5 23. Ke3 Kg7 24. Kd4 Kf6 25. Bd3 h5 26. Be4 b6 27. Kd5 Bf7+ 28. Kd4 $1 c5+ ({Reject} 28... Bxa2 $6 29. b3 $16) 29. Kd3 Ke5 ({Much worse is} 29... Bxa2 $6 30. b3 $16) 30. a3 Kf4 31. g3+ Kg4 {...Kh3 is the strong threat.} 32. Bg2 $1 Bg6+ 33. Kc4 Bxc2 34. Kb5 $1 Bd3+ 35. Kc6 h4 36. gxh4 gxh4 37. Kb7 b5 38. Kxa7 Kf4 39. Kb6 Ke3 40. Bc6 b4 41. Kxc5 bxa3 42. bxa3 {aiming for a4.} Bc2 43. Kd6 {[#] And now Ke5 would win.} Kf2 $1 44. Ke5 {Threatens to win with Kf4.} Kg1 45. h3 Kh2 46. Bd7 Kg3 47. Kd4 Bb3 48. Ke3 Bd1 49. Kd3 Bb3 50. Kd2 Kg2 51. Kc3 Bd1 $1 52. Kb4 Kg3 53. Be6 Bc2 54. Bg4 Kf4 55. Bd7 Kg3 56. Kc4 Bd1 57. Kc3 Kg2 58. Bc8 Kg3 59. Be6 Ba4 60. Bg4 Be8 61. Kb4 Bc6 62. Bf5 Be8 63. Bc8 (63. Kc5 {with more complications.} Kf4 64. Bc8 Ba4 65. Kd5 Kg3 66. Kd4) 63... Bc6 64. a4 (64. Kc4 {is more complex.} Kf4 65. Kc5 Ba4 66. Kd5 Kg3 67. Kc4) 64... Bxa4 $1 {The position is equal.} 65. Kxa4 {KB-KP} Kf4 66. Kb5 Ke5 67. Kc6 Kf6 68. Kd6 Kg7 69. Ke7 Kh8 70. Kf6 Kh7 71. Be6 Kh8 72. Kg6 $2 {[%mdl 8192] Precision: White = 84%, Black = 91%.} (72. Bf5) 1/2-1/2

[Event "8th RTU Open 2018"]
[Site "Riga"]
[Date "2018.08.07"]
[Round "2"]
[White "Esipenko, Andrey"]
[Black "Oboladze, Luka"]
[Result "1/2-1/2"]
[WhiteElo "2589"]
[BlackElo "2349"]
[Annotator "TA"]
[PlyCount "76"]
[EventDate "2018.08.06"]
[EventType "swiss"]
[EventCountry "LAT"]
[SourceTitle "playchess.com"]
[Source "ChessBase"]
[SourceQuality "1"]

{[%evp 18,76,37,26,36,36,56,11,57,46,42,23,31,14,32,22,6,6,13,19,72,25,40,-12,0,-42,-82,-77,-59,-43,-4,-20,-17,-67,0,0,0,0,0,0,0,0,0,-42,-51,-56,-55,-48,0,0,0,0,0,0,0,0,0,0,0,0,0]} 1. d4 Nf6 2. Nf3 d5 3. c4 e6 4. Nc3 Be7 5. Bf4 c5 6. dxc5 Bxc5 7. e3 Nc6 8. Be2 O-O 9. O-O dxc4 10. Bxc4 {LiveBook: 26 Games} Bd7 {D37: Queen's Gambit Declined: 5 Bf4} (10... Qxd1 11. Rfxd1 b6 12. Ng5 Be7 13. Nge4 Rd8 14. Bb5 Bb7 15. Nd6 Bxd6 16. Bxd6 Rac8 17. f3 a6 18. Be2 {0-1 (47) Rapport,R (2700)-Aronian,L (2797) Caleta 2018}) 11. a3 Rc8 $146 ({Predecessor:} 11... Ne7 12. Bg5 Ng6 13. Bxf6 gxf6 14. Ne4 {0-1 (71) Pacheco,J (1072)-Mendes,B (1393) Famalicao 2017}) 12. h3 Be7 13. Qe2 a6 14. Rad1 b5 15. Bd3 Qb6 16. Ne4 Nxe4 17. Bxe4 Rfd8 18. Ng5 {[#] Qh5 would kill now.} g6 (18... h6 $11 19. Nf3 b4) 19. h4 (19. Nxh7 $5 f5 20. Ng5 $14 (20. Bxc6 Bxc6 21. e4 Kxh7 $15)) 19... Be8 20. Bb1 (20. Qg4 $14) 20... b4 21. Qf3 bxa3 22. bxa3 Rxd1 23. Rxd1 Rd8 24. Rf1 Qb5 25. Ne4 Ne5 ({Don't play} 25... Bxh4 $6 26. Bc7 $11) (25... f5 $1 $15 26. Ng5 e5 27. Ba2+ Kh8) 26. Qg3 $11 Nc4 27. Bg5 $1 {[%cal Rg5e7]} Nd2 28. Nxd2 $1 Bxg5 29. hxg5 Rxd2 30. Qf4 Qb3 {[#] White must now prevent ...Rd1.} 31. Be4 Qxa3 32. Rb1 Qd6 33. Rb8 {The position is equal.} Kf8 {...e5 is the strong threat.} 34. Qxd6+ Rxd6 35. Ra8 $1 Ke7 36. Ra7+ Kf8 37. Ra8 Ke7 38. Ra7+ Kf8 {Precision: White = 35%, Black = 59%.} 1/2-1/2

[Event "8th RTU Open 2018"]
[Site "Riga"]
[Date "2018.08.07"]
[Round "2"]
[White "Schroeder, Jan Christian"]
[Black "Sawlin, Leonid"]
[Result "1-0"]
[WhiteElo "2573"]
[BlackElo "2346"]
[Annotator "TA"]
[PlyCount "113"]
[EventDate "2018.08.06"]
[EventType "swiss"]
[EventCountry "LAT"]
[SourceTitle "playchess.com"]
[Source "ChessBase"]
[SourceQuality "1"]

{[%evp 13,113,5,14,12,50,49,40,28,63,54,124,110,141,54,92,95,91,81,75,35,327,327,533,494,968,527,895,517,520,526,522,510,834,430,404,408,422,407,408,386,391,322,680,684,717,387,370,396,396,394,395,392,389,387,383,368,390,337,325,327,323,321,399,373,373,332,327,326,321,260,259,265,304,284,331,327,323,311,389,322,440,437,435,418,481,465,501,486,512,500,631,613,575,561,695,727,695,695,679,424,1972,1903]} 1. e4 e6 2. d4 d5 3. e5 c5 4. c3 Qb6 5. Nf3 Bd7 6. Be2 Bb5 7. Bxb5+ Qxb5 {LiveBook: 9 Games. C02: French: Advance Variation} 8. Na3 (8. a4 Qb6 9. O-O cxd4 10. a5 Qc7 11. Qa4+ Qd7 12. Nxd4 Qxa4 13. Rxa4 a6 14. c4 Ne7 15. Bg5 {1-0 (39) Savic,M (2545)-Kantorik,M (2260) Veliko Gradiste 2018}) 8... Qa6 9. dxc5 Bxc5 {White is slightly better.} 10. b4 $1 {[%cal Rb4c5]} Bf8 11. Nd4 Nd7 (11... Qb6 $14) 12. Nab5 $16 Rc8 13. O-O $146 (13. f4 $1 $16) ({Predecessor:} 13. a4 Nxe5 14. Bf4 Bd6 15. O-O {1-0 (31) Shaarbaf,M (2332)-Korkmaz,N (1973) Istanbul 2004}) 13... Qb6 14. Be3 $1 Nxe5 {[#] Threatening ...a6.} 15. Qa4 $1 $36 {[%mdl 2048] aiming for Nd6+. White has strong initiative.} Nd7 16. Nxa7 Ra8 $2 {[%mdl 8192] [#]} ({Black should try} 16... Rc4 $1 $14) 17. Ndb5 $1 $18 Qd8 $2 (17... Rxa7 18. Nxa7 Qc7) 18. Bf4 Nb6 (18... e5 $142 19. Bxe5 Nxe5 20. Nc7+ Ke7) 19. Nc7+ Ke7 20. Qa5 Nc4 21. Qc5+ Kf6 22. Qd4+ Ke7 (22... Kg6 $142 23. Nxa8 Qxa8 24. Qd3+ Kf6) 23. Nxa8 Qxa8 24. Rfe1 Nf6 25. Rad1 b6 26. Nb5 Qc6 27. a4 Kd7 $2 (27... Ke8 28. Bh6 Rg8) 28. Na7 Qxa4 29. Qxc4 {White threatens Qc8+ and mate.} Bd6 30. Qd4 Qxa7 31. Bxd6 Kxd6 32. c4 ({Less strong is} 32. Ra1 Qc7 $18) 32... Rd8 33. cxd5 ({Not} 33. Ra1 Qc7 $18) 33... Ke7 34. Qe5 Qb8 35. Qxb8 Rxb8 36. dxe6 fxe6 {[%mdl 4096] Endgame KRR-KRN} 37. Rc1 Kd7 38. b5 Nd5 39. Ra1 Rb7 40. Rec1 Nc7 41. Rd1+ Ke7 42. Rdb1 Kd6 43. Kf1 Nd5 44. Rc1 Ke7 45. Rc6 Kf7 46. h4 {[%cal Bh2h4,Bh4h5][%mdl 32]} Rd7 47. Re1 Re7 48. Re5 g6 49. g3 {White is clearly winning.} Re8 50. Kg2 Re7 51. h5 Re8 52. f4 Re7 53. Kf3 Re8 54. h6 Re7 55. Rd6 Re8 56. Rd7+ Kf6 (56... Re7 $142) 57. Rdxd5 {Precision: White = 81%, Black = 32%.} 1-0

[Event "8th RTU Open 2018"]
[Site "Riga"]
[Date "2018.08.07"]
[Round "2"]
[White "Kollars, Dmitrij"]
[Black "Dhulipalla, Bala Chandra Prasad"]
[Result "1/2-1/2"]
[WhiteElo "2549"]
[BlackElo "2333"]
[Annotator "TA"]
[PlyCount "54"]
[EventDate "2018.08.06"]
[EventType "swiss"]
[EventCountry "LAT"]
[SourceTitle "playchess.com"]
[Source "ChessBase"]
[SourceQuality "1"]

{[%evp 18,54,18,12,18,22,25,22,28,28,32,27,19,25,38,5,8,0,19,0,0,0,33,0,0,0,0,-18,0,0,0,0,0,0,0,0,0,0,0]} 1. c4 e5 2. Nc3 Nf6 3. Nf3 Nc6 4. e3 Bb4 5. Qc2 Bxc3 6. Qxc3 Qe7 7. a3 a5 8. b4 axb4 9. axb4 Rxa1 {A28: English Opening: Four Knights Variation} 10. Qxa1 {LiveBook: 8 Games} Nxb4 (10... e4 11. b5 exf3 12. bxc6 fxg2 13. cxd7+ Nxd7 14. Bxg2 O-O 15. O-O c5 16. f4 Rd8 17. Qa5 {½-½ (38) Agdestein,S (2590)-Adams,M (2615) Hastings 1991 CBM 027 [Ribli,Z]}) 11. Qxe5 Qxe5 12. Nxe5 d6 13. Nd3 Nxd3+ 14. Bxd3 Ke7 15. Bb2 Be6 16. f4 $146 ({Predecessor:} 16. O-O Ra8 17. Rc1 {½-½ (39) Ponce,E (2202)-Sztokbant,B (1925) Santos 2008}) 16... Ra8 17. f5 Bc8 18. Ke2 Ra2 19. Bc3 Ng4 20. Rf1 f6 {The position is equal.} 21. Bb1 Ra3 22. Be4 (22. Rc1 {looks sharper.} Bd7 23. e4 c5 24. h3 Ne5 25. d3) 22... Ne5 (22... b6 {is more complex.} 23. Rc1 Bd7 24. h3 Ne5 25. d3 Ra2+) 23. Bxe5 dxe5 24. c5 Ra4 25. d3 b6 26. cxb6 cxb6 27. Rb1 b5 {Precision: White = 41%, Black = 65%.} 1/2-1/2

[Event "8th RTU Open 2018"]
[Site "Riga"]
[Date "2018.08.07"]
[Round "2"]
[White "Praggnanandhaa, R."]
[Black "Chittka, Julius"]
[Result "1-0"]
[WhiteElo "2532"]
[BlackElo "2316"]
[Annotator "ChessBase"]
[PlyCount "73"]
[EventDate "2018.08.06"]
[EventType "swiss"]
[EventCountry "LAT"]
[SourceTitle "playchess.com"]
[Source "ChessBase"]
[SourceQuality "1"]
[TimeControl "5400+30"]

1. Nf3 {[%emt 0:00:00]} c5 {[%emt 0:03:20]} 2. b3 {[%emt 0:00:47]} Nf6 {[%emt 0:01:44]} 3. Bb2 {[%emt 0:00:13]} g6 {[%emt 0:00:43]} 4. g3 {[%emt 0:03:22]} Bg7 {[%emt 0:00:57]} 5. Bg2 {[%emt 0:00:09]} O-O {[%emt 0:00:10]} 6. c4 {[%emt 0:00:14]} d5 {[%emt 0:03:41]} 7. cxd5 {[%emt 0:01:35]} Nxd5 {[%emt 0:00:29]} 8. Bxg7 {[%emt 0:00:46]} Kxg7 {[%emt 0:00:06]} 9. O-O {[%emt 0:01:38]} Nc6 {[%emt 0:03:31]} 10. d4 {[%emt 0:01:24]} cxd4 {[%emt 0:04:11]} 11. Nxd4 {[%emt 0:00:40]} Ndb4 {[%emt 0:04:04]} 12. Nxc6 {[%emt 0:06:19]} Nxc6 {[%emt 0:00:25]} 13. Bxc6 {[%emt 0:04:19]} bxc6 {[%emt 0:00:29]} 14. Nc3 {[%emt 0:06:51]} Qa5 {[%emt 0:05:31]} 15. Qd4+ {[%emt 0:04:52]} Kg8 {[%emt 0:01:27]} 16. Rfd1 {[%emt 0:04:52]} Be6 {[%emt 0:09:35]} 17. Na4 {[%emt 0:03:04]} Rfd8 {[%emt 0:08:49]} 18. Qc5 {[%emt 0:06:37]} Qb5 {[%emt 0:09:26]} 19. Qe3 {[%emt 0:05:51]} Rd6 {[%emt 0:05:11]} 20. Rxd6 {[%emt 0:11:11]} exd6 {[%emt 0:00:30]} 21. Rd1 {[%emt 0:00:10]} Rd8 {[%emt 0:05:22]} 22. Nc3 {[%emt 0:02:38]} Qa5 {[%emt 0:04:49]} 23. Qd4 {[%emt 0:14:03]} c5 {[%emt 0:05:31]} 24. Qh4 {[%emt 0:01:57]} Rf8 {[%emt 0:08:26]} 25. Ne4 {[%emt 0:05:36]} Qxa2 {[%emt 0:03:13]} 26. Ng5 {[%emt 0:07:04]} h5 {[%emt 0:00:16]} 27. Qe4 {[%emt 0:01:33]} Qxb3 {[%emt 0:02:48]} 28. Rxd6 {[%emt 0:01:03]} Bf5 {[%emt 0:00:37]} 29. Qe7 {[%emt 0:00:30]} Qc3 {[%emt 0:05:04]} 30. e4 {[%emt 0:01:32]} Qe1+ {[%emt 0:01:17]} 31. Kg2 {[%emt 0:00:02]} h4 {[%emt 0:00:52]} 32. gxh4 {[%emt 0:01:49]} Qe2 {[%emt 0:01:12]} 33. Rd8 {[%emt 0:00:49]} Bh3+ {[%emt 0:01:48]} 34. Kxh3 {[%emt 0:00:18]} Qf1+ {[%emt 0:00:32]} 35. Kg3 {[%emt 0:00:08]} Qg1+ {[%emt 0:00:11]} 36. Kf3 {[%emt 0:00:07]} Qh1+ {[%emt 0:00:06]} 37. Ke2 {[%emt 0:00:05]} 1-0

[Event "8th RTU Open 2018"]
[Site "Riga"]
[Date "2018.08.07"]
[Round "2"]
[White "Dragnev, Valentin"]
[Black "Faibisovich, Vadim Z"]
[Result "1/2-1/2"]
[WhiteElo "2509"]
[BlackElo "2310"]
[Annotator "TA"]
[PlyCount "120"]
[EventDate "2018.08.06"]
[EventType "swiss"]
[EventCountry "LAT"]
[SourceTitle "playchess.com"]
[Source "ChessBase"]
[SourceQuality "1"]

{[%evp 22,120,35,34,29,31,56,39,55,53,72,12,52,8,28,35,31,27,44,45,52,41,64,72,75,75,89,41,42,0,41,41,43,42,56,31,25,25,31,31,51,39,53,33,42,0,44,12,15,23,124,112,125,60,58,52,63,33,113,114,115,101,160,91,99,63,85,57,55,49,128,97,87,16,16,16,16,16,16,16,24,24,24,0,8,0,0,0,0,0,0,0,0,0,0,0,0,0,0,0,29981]} 1. d4 Nf6 2. c4 e6 3. Nc3 d5 4. cxd5 exd5 5. Bg5 c6 6. e3 Bf5 7. Qf3 Bg6 8. Bxf6 Qxf6 9. Qxf6 gxf6 10. Nf3 Nd7 {D35: Queen's Gambit Declined: Exchange Variation} 11. Nh4 Bb4 (11... Be7 12. Ne2 f5 13. g3 Bxh4 14. gxh4 Nf6 15. f3 Ke7 16. Rg1 Nh5 17. Kf2 Rae8 18. b4 {½-½ (46) Kramnik,V (2792)-Nisipeanu,L (2672) Dortmund 2018}) 12. a3 {LiveBook: 3 Games} Bxc3+ {White is slightly better.} 13. bxc3 Nb6 14. Kd2 O-O-O $146 ({Predecessor:} 14... Nc8 15. c4 dxc4 16. Bxc4 Nd6 17. Rhc1 Ke7 18. Be2 {1-0 (37) Hammer,J (2622)-Thorfinnsson,B (2426) Kragero 2018}) 15. Be2 Kc7 16. f3 ({Better is} 16. a4 $16) 16... Rhe8 17. g3 Nc8 18. c4 dxc4 19. Bxc4 Re5 20. Rhc1 Ra5 21. Ke1 Nd6 22. Be2 Nf5 23. Ng2 Ne7 24. Rc3 Nd5 25. Rcc1 f5 26. Kf2 Kd6 27. Bd3 Re8 28. Re1 c5 29. dxc5+ Rxc5 30. Rad1 Kc6 31. Rd2 b5 32. Nh4 Nc3 33. h3 Ree5 34. f4 Red5 35. Nf3 Ne4+ (35... f6 $11) 36. Bxe4 $1 $16 fxe4 {[#]} 37. Nd4+ (37. Rxd5 $1 $16 Rxd5 38. Nd4+ Kb7 39. g4) 37... Kb6 $14 38. g4 f6 39. Rb1 Rc3 (39... a5 $14) 40. a4 $36 {[%cal Rb1b5][%mdl 2048] Keeping Black busy.} a6 41. axb5 axb5 {[#]} (41... a5 $142) 42. f5 (42. Ra1 $142 $1) 42... Bf7 43. Rdb2 Be8 $1 44. Ra1 Rxd4 $1 45. exd4 $14 {[%mdl 4096] Endgame And now Rba2 would win. KRR-KRB} Bc6 (45... Bf7 $1 $14) 46. Rab1 {Strongly threatening Rb3.} Rxh3 47. d5 (47. Rb3 $16 Rh2+ 48. Kg3) 47... Bxd5 $11 48. Rxb5+ Kc6 49. Kg2 Rd3 $1 50. Rb6+ Kc5 51. Rxf6 {Threatens to win with Rf8.} e3+ $1 52. Kf1 {Hoping for Re1.} Bf3 {The position is equal.} 53. Re6 {Rc1+ is the strong threat.} Bxg4 54. Re4 (54. Kg2 {looks sharper.} e2 55. Rc1+ Kd5 56. Ra1 h5 57. Ra5+) 54... e2+ 55. Rxe2 Bxe2+ 56. Kxe2 {KR-KR} Rd5 57. Rf1 Kd6 58. f6 {White wants to mate with f7.} Re5+ $1 59. Kd3 {f7 would kill now.} Re8 60. Rh1 Ke5 $2 {[%mdl 40960] Precision: White = 40%, Black = 47%. . An unexpected result.} (60... Rd8 $11) 1/2-1/2

[Event "8th RTU Open 2018"]
[Site "Riga"]
[Date "2018.08.07"]
[Round "2"]
[White "Thybo, Jesper Sondergaard"]
[Black "Borisovsky, Dmitry"]
[Result "1-0"]
[WhiteElo "2496"]
[BlackElo "2297"]
[Annotator "TA"]
[PlyCount "99"]
[EventDate "2018.08.06"]
[EventType "swiss"]
[EventCountry "LAT"]
[SourceTitle "playchess.com"]
[Source "ChessBase"]
[SourceQuality "1"]

{[%evp 17,99,22,20,18,23,21,39,33,39,34,45,39,35,30,45,28,25,0,56,42,37,33,37,23,16,19,36,3,3,6,20,5,35,13,12,0,14,-13,0,0,0,0,7,6,13,26,26,4,49,45,110,90,163,151,254,254,257,247,257,237,329,314,311,220,316,308,323,317,275,299,260,155,495,164,225,240,231,0,309,299,437,452,634,621]} 1. Nf3 Nf6 2. c4 g6 3. Nc3 d5 4. cxd5 Nxd5 5. h4 Bg7 6. e4 {A16: English Opening: 1...Nf6 with ...d5} Nxc3 7. dxc3 Qxd1+ 8. Kxd1 Nd7 9. Nd4 c5 {LiveBook: 3 Games} 10. Nb3 b6 11. f3 Bb7 12. Kc2 O-O-O $146 ({Predecessor:} 12... O-O 13. h5 {1-0 (35) Wojtaszek,R (2737)-Yankelevich,L (2442) Germany 2018}) 13. a4 {[%cal Ba2a4,Ba4a5][%mdl 32]} Ne5 14. a5 f5 15. exf5 gxf5 16. Bg5 h6 17. Be3 Rd5 (17... Rhf8 $11) 18. axb6 axb6 19. h5 Rhd8 20. Nd2 Nc6 $1 21. Nc4 Kc7 22. Na3 e5 23. Bc4 R5d7 24. Be6 Rd3 25. Rae1 f4 26. Bc1 Ba6 27. Bf5 R3d6 {[#]} 28. g3 $1 {[%mdl 512]} fxg3 29. Rhg1 b5 30. Rxg3 Bf8 31. Nb1 b4 32. Be3 c4 33. Nd2 Bb5 {[#]} (33... b3+ $14 34. Kc1 Ne7) 34. Ra1 $1 $16 Rf6 (34... Ne7 $16 35. Be4 b3+ 36. Kc1 Ra6 37. Rxa6 Bxa6) 35. Be4 $18 bxc3 (35... Kd7 $16 36. Kc1 Kc7) 36. bxc3 Rfd6 37. Rg4 Rb8 38. Rg6 Rxg6 39. hxg6 (39. Bxg6 Rd8 $16) 39... h5 40. Bd5 Rd8 (40... h4 {was necessary.} 41. Bxc4 (41. Nxc4 h3 $18) 41... h3 42. Bxb5 Rxb5) 41. Bf7 Bg7 42. Nxc4 Bxc4 43. Bxc4 h4 44. Rb1 (44. Be6 $18) 44... Rh8 $2 (44... Rb8 $16 {is tougher.} 45. Rd1 Rd8 46. Rxd8 Nxd8) 45. f4 $2 (45. Bb6+ Kd7 46. Rd1+ Kc8 47. Ba6+ Kb8 48. Rd7) 45... h3 (45... Ne7 {is a better defense.} 46. fxe5 Bxe5) 46. Bd5 h2 47. Bb6+ $2 (47. Be4 $18) 47... Kd7 $2 {[%mdl 8192]} (47... Kd6 $11 {and Black stays safe.} 48. Bh1 Ne7) 48. Bc5 Rc8 (48... Rb8 $142) 49. f5 Nd8 (49... Rc7 $142 50. Be4 Ne7) 50. Bb4 {Precision: White = 66%, Black = 31%.} 1-0

[Event "8th RTU Open 2018"]
[Site "Riga"]
[Date "2018.08.07"]
[Round "2"]
[White "Kaczur, Florian"]
[Black "Vovk, Ilja"]
[Result "1-0"]
[WhiteElo "2482"]
[BlackElo "2294"]
[Annotator "TA"]
[PlyCount "101"]
[EventDate "2018.08.06"]
[EventType "swiss"]
[EventCountry "LAT"]
[SourceTitle "playchess.com"]
[Source "ChessBase"]
[SourceQuality "1"]

{[%evp 12,101,11,0,28,25,31,8,52,34,36,27,37,14,51,35,45,37,38,29,47,37,108,119,102,116,138,118,129,127,152,133,133,110,138,124,324,324,316,226,222,219,283,280,377,371,369,370,366,373,366,366,473,473,526,392,370,373,545,548,557,556,551,525,529,530,539,530,507,456,444,431,546,545,1012,746,1013,1007,975,967,903,883,1064,1056,1067,1056,1011,951,5702,4966,2141,1972]} 1. g3 e5 2. c4 f5 3. Bg2 Nf6 4. Nc3 d6 5. d4 Be7 6. e3 O-O 7. Nge2 {LiveBook: 35 Games} Kh8 {A21: English Opening: 1...e5 2 Nc3} (7... Na6 8. O-O c6 9. b3 e4 10. d5 Nc5 11. f3 cxd5 12. cxd5 exf3 13. Bxf3 Bd7 14. Nd4 Rc8 15. Nce2 {½-½ (28) Ernst,S (2548)-Efimenko,Z (2636) Germany 2017}) 8. b3 c6 9. Bb2 Be6 $146 {The position is equal.} ({Predecessor:} 9... Qe8 10. O-O a5 11. Qd2 e4 12. f3 d5 13. cxd5 cxd5 {1-0 (36) Barry,R-Hayward,K USA 1995}) 10. Qd2 Nbd7 11. Rd1 Bf7 12. O-O Qc7 13. e4 $36 {[%mdl 2048] White is more active.} fxe4 14. Nxe4 Nxe4 15. Bxe4 Nf6 16. Bg2 e4 {[#]} (16... Rae8 $14) 17. d5 $1 $16 {[%mdl 512]} cxd5 18. cxd5 Rae8 19. Nf4 Bd8 20. Bh3 Qa5 21. Qxa5 Bxa5 22. Ba3 e3 {[#]} 23. fxe3 $1 Ne4 $2 (23... Bb6 $16) 24. Ne6 $18 Bxe6 25. dxe6 {Black must now prevent Rxf8+.} ({Not} 25. Bxe6 Bb6 $16) 25... Rxf1+ 26. Rxf1 ({Resist} 26. Bxf1 $6 Rxe6 27. Bc4 Re8 $16) 26... Kg8 27. Bf5 Nd2 28. Rf4 Bb6 29. Kf2 g6 30. Bh3 g5 31. Rg4 Rxe6 32. Rxg5+ Rg6 33. Rxg6+ hxg6 {[%mdl 4096] Endgame KBB-KBN} 34. Be6+ Kg7 (34... Kh7 $142 35. Bd5 Nb1) 35. Bb2+ {White is clearly winning.} Kh6 36. Bd5 Bc5 37. Ke2 Nb1 38. Bxb7 Na3 39. Kd3 Nb5 40. Bd5 Kg5 41. Bf3 Kf5 42. h4 Nc7 43. g4+ {[%cal Bg3g4,Bg4h5,Bh5h6][%mdl 32]} Ke6 44. h5 gxh5 45. gxh5 Kf5 46. Bg7 Ne8 47. h6 Kg6 48. Be4+ Kf7 49. Bc3 {And now h7 would win.} d5 50. Bxd5+ Kg6 {[#]} 51. Bf7+ $1 {[%mdl 512] Precision: White = 87%, Black = 38%.} 1-0

[Event "8th RTU Open 2018"]
[Site "Riga"]
[Date "2018.08.07"]
[Round "2"]
[White "Leenhouts, Koen"]
[Black "Vaishali R"]
[Result "1-0"]
[WhiteElo "2475"]
[BlackElo "2294"]
[Annotator "TA"]
[PlyCount "106"]
[EventDate "2018.08.06"]
[EventType "swiss"]
[EventCountry "LAT"]
[SourceTitle "playchess.com"]
[Source "ChessBase"]
[SourceQuality "1"]

{[%evp 18,106,41,26,69,-34,-50,-45,-39,-47,-29,-24,-46,-39,-47,-42,-37,-42,-27,-62,19,-51,0,-8,-29,0,-19,-37,-41,-47,-40,-48,-37,-72,-19,-56,-49,-58,0,0,12,0,-9,0,-9,-4,27,20,37,0,32,32,46,36,72,77,131,128,204,203,191,190,193,189,300,288,336,290,806,781,805,863,1047,1025,897,818,812,794,905,784,1620,1231,1759,1814,5077,5072,29984,29984,29983,29984,29988]} 1. d4 Nf6 2. c4 e6 3. g3 c5 4. d5 exd5 5. cxd5 b5 6. e4 {A60: Benoni (Moderne Benoni-Verteidigung)} (6. Bg2 d6 7. Nf3 g6 8. O-O Bg7 9. e4 O-O 10. Re1 Re8 11. e5 dxe5 12. Nxe5 Bb7 13. Nc6 Rxe1+ 14. Qxe1 Qd7 15. Ne5 {0-1 (32) Li,C (2751)-Ivanchuk,V (2710) Huaian 2016}) 6... Nxe4 7. Qe2 Qe7 8. Bg2 Nd6 9. Be3 Na6 10. Nc3 {LiveBook: 22 Partien} g6 11. Nxb5 (11. a4 $1 $14) 11... Nxb5 $15 12. d6 Nxd6 13. Bxa8 Nb4 $146 ({Vorgänger:} 13... Nc7) 14. Bg5 Qe6 $1 15. Bf6 Rg8 $1 {Und ...Sc2+ würde nun gewinnen.} 16. Qxe6+ $1 fxe6 17. Kf1 g5 {[%mdl 1024] Schwarz hat Kompensation.} 18. Nf3 g4 (18... Ba6+ $15 19. Kg2 g4) 19. Ne5 (19. Nd2 $1 $11) 19... Ba6+ 20. Kg1 $1 $132 {[%mdl 2048] Weiss is not keeping still} Be7 21. Bxe7 Kxe7 22. Bg2 Rg5 $1 {[%cal Rg5e5]} 23. f4 gxf3 $1 24. Nxf3 Rf5 25. Ne1 Nd5 ({Günstiger ist} 25... Rf8 $17) 26. h4 Ne3 27. Bh3 Rd5 (27... Rf7 $15 28. Rh2 Rg7) 28. Rh2 $11 Ne4 29. Nc2 Nxc2 30. Rxc2 Nxg3 31. Re1 Nh5 32. Bg2 Rf5 33. Rf2 Rxf2 34. Kxf2 {[%mdl 4096] Endspiel KTL-KLS} Nf4 {Droht stark ...Sd3+.} 35. Be4 h5 {[#]} 36. Re3 $1 d5 (36... Bb5 $142) 37. Ra3 $16 {Droht Ke3 und aus.} Bc8 (37... Bc4 $16) 38. Rxa7+ $18 Kd6 39. Bc2 e5 {[#]} 40. a4 $1 {[%cal Ba2a4,Ba4a5][%mdl 32]} e4 (40... Kc6 $142 41. b3 Kb6) 41. a5 Ne6 42. Rh7 Ke5 $2 (42... Nf4 43. Rh8 Kc7) 43. Rxh5+ Kd4 44. Rh8 e3+ 45. Ke1 Ba6 46. Rh6 Ke5 47. Rh5+ Kd6 48. Bf5 Nf4 49. Rh6+ Ke5 50. Rxa6 Kxf5 51. Ra8 d4 52. Rf8+ Ke5 {[#]} 53. Rxf4 $1 {[%mdl 512]} Kd5 {Precision: Weiß = 65%, Schwarz = 22%.} (53... Kxf4 54. a6) 1-0